| 000 | 04351nam a22002657a 4500 | ||
|---|---|---|---|
| 003 | GR-AtMCL | ||
| 005 | 20250804135311.0 | ||
| 006 | a|||||r||||||||||| | ||
| 008 | 250804b |||||||| |||| 00| 0 eng d | ||
| 020 |
_a9601604650 _qχαρτόδ. |
||
| 040 |
_aGR-AtMCL _bgre _dGR-AtMCL _eAACR2 |
||
| 245 | 0 | 0 |
_aΕπικοινωνίες, 1.600 όροι : _bραδιοτηλεόραση, τηλεπικοινωνίες, internet / _cΗρώ Αναγνωστοπούλου, Άννα Σκουρα, Κώστας Σφικτός. |
| 260 |
_aΑθήνα : _bΠατάκης, _c2002. |
||
| 300 |
_a396 σ. ; _c21 εκ. |
||
| 500 | _aΕιδικό αφιέρωμα στην Ελλάδα, χρήσιμοι πίνακες | ||
| 520 | _aΟι επικοινωνίες είναι γύρω μας. Kαθημερινά ακούμε όρους στα αγγλικά, την παγκόσμια γλώσσα των επικοινωνιών. Το βιβλίο αυτό συγκεντρώνει 1.600 όρους από τη ραδιοτηλεόραση, τις τηλεπικοινωνίες και το Ίντερνετ – τρεις χώρους που συγκλίνουν. Για παράδειγμα, σ’ αυτό μπορεί κανείς να αναζητήσει: Για την αγορά της ραδιοτηλεόρασης: Πώς εξελίσσεται η ψηφιακή τηλεόραση. Το t-commerce αναμένεται να ξεπεράσει το e-commerce. Πώς τα δίκτυα στις ΗΠΑ αντιμετωπίζουν τη νέα οικονομία. Η αμφίδρομη τηλεόραση προσφέρει VOD, impulse PPV κ.ά. Γιατί η Ε.Ε. εξέδωσε την πρώτη Οδηγία για την Τηλεόραση μόλις το 1989. Ότι ο ελληνικός νόμος για την ψηφιακή τηλεόραση (Ν. 2644/98) είναι ο πληρέστερος στην Ευρώπη. Για τις τηλεπικοινωνίες: Το ISDN αντικαθίσταται από το DSL. Στην αγορά των δορυφόρων επικοινωνιών ανταγωνίζονται οι Eutelsat, Intelsat και SES/Astra. Η Ελλάδα, τελευταία, απελευθερώνει σταδιακά την αγορά της από το 2001. Τα κράτη θεσπίζουν όργανα όπως η Αρχή Προστασίας Δεδομένων Προσωπικού Χαρακτήρα, αλλά αδυνατούν να μας προστατεύσουν από συστήματα όπως το Echelon. Τι είναι ηλεκτρονική δημοκρατία και ποιοι κερδίζουν στην κοινωνία της πληροφορίας. Για το Ίντερνετ: Πώς οι υπολογιστές επικοινωνούν μέσω του www και του TCP/IP. Έρχεται τo Ιnternet2; Τι είναι το webcasting. Πώς ξεκίνησε η μετάδοση ταινιών με το VOD Ιnternet. Πώς συγκεντρώνονται πληροφορίες με τα cookies. Ακόμη και η CIA δηλώνει ότι δεν υπάρχει τρόπος να προστατευτεί ένα δίκτυο από τους crackers. Οι dot com εταιρείες διανύουν τη δυσκολότερη φάση τους. Τι είναι τα e-commerce και e-business. Για τη διαφήμιση, την έρευνα τηλεθέασης, το τηλεοπτικό πρόγραμμα: Η διαφήμιση γίνεται αμφίδρομη. Πώς η τάση για εξειδικευμένα προγράμματα μεταφέρεται στο Ίντερνετ με τις θεματικές πύλες. Αμερικάνικο δίκτυο πώλησε σειρά σε ένα χορηγό παραχωρώντας μόνο product placement. Τι είναι τα νούμερα τηλεθέασης. Το Bar και το Βig Brother είναι docusoap, τηλεπαιχνίδια ή reality; | ||
| 650 | 0 |
_aΤηλεπικοινωνία _99928 |
|
| 650 | 0 |
_aΠληροφορική _99850 |
|
| 650 | 0 |
_aΤεχνολογία _99929 |
|
| 700 |
_aΑναγνωστοπούλου, Ηρώ _99930 |
||
| 700 |
_aΣκούρα, Άννα _99931 |
||
| 700 |
_aΣφικτός, Κώστας _99932 |
||
| 942 | _cBK | ||
| 999 |
_c9862 _d9862 |
||